[Event "Vladimir Bato Kontic Memorial 2021"]
[Site "Niksic"]
[Date "2021.04.19"]
[Round "5.8"]
[White "Plenca, Jadranko"]
[Black "Krivokapic, Marko"]
[Result "0-1"]
[WhiteElo "2472"]
[BlackElo "2380"]
[Annotator "ChessBase"]
[PlyCount "176"]
[EventDate "2021.04.17"]
[EventType "swiss"]
[EventCountry "MNE"]
[SourceTitle "playchess.com"]
[Source "ChessBase"]
[SourceQuality "1"]
[TimeControl "40/5400+30:1800+30"]

1. e4 {[%emt 0:03:11]} c5 {[%emt 0:00:00]} 2. Nf3 {[%emt 0:00:11]} d6 {[%emt 0:00:00]} 3. Bb5+ {[%emt 0:00:04]} Nd7 {[%emt 0:00:19]} 4. c3 {[%emt 0:00:40]} Ngf6 {[%emt 0:00:35]} 5. Qe2 {[%emt 0:00:10]} a6 {[%emt 0:02:39]} 6. Ba4 {[%emt 0:02:10]} Qc7 {[%emt 0:00:15]} 7. Bc2 {[%emt 0:01:51]} e6 {[%emt 0:05:04]} 8. d4 {[%emt 0:04:53]} cxd4 {[%emt 0:05:16]} 9. cxd4 {[%emt 0:00:12]} b5 {[%emt 0:01:09]} 10. a4 {[%emt 0:01:09]} b4 {[%emt 0:13:24]} 11. b3 {[%emt 0:00:07]} Bb7 {[%emt 0:00:32]} 12. Bb2 {[%emt 0:01:31]} Be7 {[%emt 0:05:23]} 13. O-O {[%emt 0:02:35]} O-O {[%emt 0:09:35]} 14. Bd3 {[%emt 0:02:51]} Rfc8 {[%emt 0:07:33]} 15. Nbd2 {[%emt 0:00:35]} a5 {[%emt 0:04:02]} 16. Rac1 {[%emt 0:00:44]} Qd8 {[%emt 0:01:21]} 17. Rcd1 {[%emt 0:10:49]} Nf8 {[%emt 0:02:14]} 18. g3 {[%emt 0:03:33]} Qb6 {[%emt 0:07:17]} 19. Nc4 {[%emt 0:02:19]} Qd8 {[%emt 0:00:45]} 20. d5 {[%emt 0:00:56]} exd5 {[%emt 0:05:30]} 21. exd5 {[%emt 0:00:05]} Nxd5 {[%emt 0:04:24]} 22. Be4 {[%emt 0:01:18]} Nc3 {[%emt 0:00:45]} 23. Bxc3 {[%emt 0:03:29]} Bxe4 {[%emt 0:00:09]} 24. Qxe4 {[%emt 0:09:21]} bxc3 {[%emt 0:00:09]} 25. Rd5 {[%emt 0:00:58]} Nd7 {[%emt 0:04:01]} 26. Qe3 {[%emt 0:02:29]} Nf6 {[%emt 0:00:46]} 27. Rb5 {[%emt 0:00:28]} Ra6 {[%emt 0:04:13]} 28. Qd3 {[%emt 0:02:22]} d5 {[%emt 0:00:45]} 29. Ne3 {[%emt 0:00:11]} Rb6 {[%emt 0:02:22]} 30. Nd4 {[%emt 0:00:29]} Bb4 {[%emt 0:02:11]} 31. Rd1 {[%emt 0:02:17]} Rxb5 {[%emt 0:04:22]} 32. axb5 {[%emt 0:02:11]} Qb6 {[%emt 0:01:17]} 33. Nc6 {[%emt 0:00:29]} Qc5 {[%emt 0:00:29]} 34. Qf5 {[%emt 0:02:40]} Re8 {[%emt 0:00:47]} 35. Qd3 {[%emt 0:03:25]} g6 {[%emt 0:01:10]} 36. Qe2 {[%emt 0:01:59]} Re6 {[%emt 0:01:20]} 37. Qf3 {[%emt 0:00:53]} Kg7 {[%emt 0:01:33]} 38. Nd4 {[%emt 0:02:35]} Re4 {[%emt 0:00:28]} 39. Nec2 {[%emt 0:01:01]} h5 {[%emt 0:01:04]} 40. Kg2 {[%emt 0:00:00]} Nd7 {[%emt 0:00:00]} 41. Nf5+ {[%emt 0:18:56]} gxf5 {[%emt 0:19:30]} 42. Qxf5 {[%emt 0:00:05]} Ne5 {[%emt 0:04:02]} 43. Qg5+ {[%emt 0:00:05]} Ng6 {[%emt 0:01:34]} 44. Rxd5 {[%emt 0:00:05]} Qe7 {[%emt 0:00:54]} 45. Qxh5 {[%emt 0:00:06]} Rh4 {[%emt 0:01:13]} 46. Qf3 {[%emt 0:00:18]} Rf4 {[%emt 0:01:17]} 47. Qd3 {[%emt 0:00:16]} Qe4+ {[%emt 0:01:07]} 48. Qxe4 {[%emt 0:00:17]} Rxe4 {[%emt 0:00:07]} 49. b6 {[%emt 0:00:03]} Re7 {[%emt 0:01:43]} 50. Rb5 {[%emt 0:00:30]} Rb7 {[%emt 0:00:37]} 51. Kf3 {[%emt 0:00:17]} Ne7 {[%emt 0:00:27]} 52. Ke2 {[%emt 0:01:29]} Nc6 {[%emt 0:00:52]} 53. f4 {[%emt 0:05:55]} Rd7 {[%emt 0:00:48]} 54. Ke3 {[%emt 0:00:15]} Rd2 {[%emt 0:02:26]} 55. Nxb4 {[%emt 0:00:06]} axb4 {[%emt 0:00:09]} 56. b7 {[%emt 0:00:06]} Rd7 {[%emt 0:01:36]} 57. Rb6 {[%emt 0:00:19]} Nb8 {[%emt 0:03:40]} 58. Rxb4 {[%emt 0:00:04]} c2 {[%emt 0:01:01]} 59. Rc4 {[%emt 0:00:04]} Rxb7 {[%emt 0:00:04]} 60. Rxc2 {[%emt 0:00:35]} Rxb3+ {[%emt 0:00:04]} 61. Kf2 {[%emt 0:00:13]} Nd7 {[%emt 0:00:07]} 62. g4 {[%emt 0:00:19]} Nf6 {[%emt 0:00:11]} 63. g5 {[%emt 0:00:16]} Ng4+ {[%emt 0:00:10]} 64. Ke1 {[%emt 0:00:44]} Rf3 {[%emt 0:00:29]} 65. Rc4 {[%emt 0:01:04]} Nxh2 {[%emt 0:01:17]} 66. Ke2 {[%emt 0:00:07]} Rh3 {[%emt 0:00:39]} 67. f5 {[%emt 0:00:09]} Nf3 {[%emt 0:01:37]} 68. g6 {[%emt 0:00:05]} Ne5 {[%emt 0:00:31]} 69. Rc7 {[%emt 0:00:12]} Kf6 {[%emt 0:00:32]} 70. gxf7 {[%emt 0:00:06]} Nxf7 {[%emt 0:00:05]} 71. Rc4 {[%emt 0:00:39]} Kxf5 {[%emt 0:00:07]} 72. Ra4 {[%emt 0:00:19]} Nd6 {[%emt 0:00:13]} 73. Ra8 {[%emt 0:00:52]} Kf4 {[%emt 0:00:31]} 74. Rf8+ {[%emt 0:00:14]} Nf5 {[%emt 0:00:06]} 75. Rf7 {[%emt 0:00:03]} Ke4 {[%emt 0:00:08]} 76. Kf2 {[%emt 0:00:14]} Rh2+ {[%emt 0:00:09]} 77. Kg1 {[%emt 0:00:07]} Rc2 {[%emt 0:00:17]} 78. Kf1 {[%emt 0:00:42]} Rh2 {[%emt 0:01:29]} 79. Kg1 {[%emt 0:03:10]} Rb2 {[%emt 0:01:37]} 80. Kf1 {[%emt 0:00:05]} Ne3+ {[%emt 0:00:18]} 81. Kg1 {[%emt 0:00:08]} Ng4 {[%emt 0:00:41]} 82. Rf8 {[%emt 0:00:30]} Ke3 {[%emt 0:00:38]} 83. Kh1 {[%emt 0:01:12]} Rd2 {[%emt 0:00:21]} 84. Rf5 {[%emt 0:01:27]} Nh2 {[%emt 0:00:26]} 85. Re5+ {[%emt 0:01:49]} Kf4 {[%emt 0:00:12]} 86. Re1 {[%emt 0:00:07]} Nf3 {[%emt 0:00:05]} 87. Re4+ {[%emt 0:00:04]} Kg5 {[%emt 0:00:37]} 88. Rg4+ {[%emt 0:00:06]} Kh5 {[%emt 0:00:10]} 0-1

[Event "Vladimir Bato Kontic Memorial 2021"]
[Site "Niksic"]
[Date "2021.04.19"]
[Round "5.9"]
[White "Potpara, Nikola"]
[Black "Basso, Pier Luigi"]
[Result "1/2-1/2"]
[WhiteElo "2370"]
[BlackElo "2552"]
[Annotator "TA"]
[PlyCount "62"]
[EventDate "2021.04.17"]
[EventType "swiss"]
[EventCountry "MNE"]
[SourceTitle "playchess.com"]
[Source "ChessBase"]
[SourceQuality "1"]

{[%evp 9,62,-12,-7,-11,2,-20,0,-25,31,-59,-64,-68,-61,-63,-80,-72,-60,-53,-63,-91,-39,-35,-34,-47,0,0,0,-14,-11,-16,0,-15,47,43,52,12,13,10,12,17,22,0,0,0,0,0,6,5,50,27,38,45,25,31,11]} 1. Nf3 d5 2. g3 Nc6 3. Bg2 e5 4. d3 Be6 5. O-O f6 6. c3 {A07: Réti Opening: New York and Capablanca Systems.} Qd7 7. Nbd2 a5 {[#]} 8. Qa4 $146 {The position is equal.} ({Predecessor:} 8. e4 Nge7 9. Re1 O-O-O 10. Qa4 Kb8 11. Nb3 b6 12. Qb5 dxe4 13. dxe4 Nc8 14. Be3 {½-½ (52) Lornije,F (2205)-Danilenko,D (2393) Pardubice 2014}) 8... Nh6 (8... Nge7 $11) 9. b4 ({Better is} 9. e4 $14) 9... b5 $1 $15 {[%cal Rb5a4]} 10. Qxb5 axb4 {[#] Strongly threatening ...Ra5.} 11. Nb3 Nf5 {White must now prevent ...Rb8.} 12. cxb4 Rb8 13. Qa4 Rxb4 14. Qa3 Rb8 (14... Nd8 $17 15. Bd2 Ra4) 15. Nc5 Bxc5 16. Qxc5 Ncd4 17. Nxd4 Nxd4 18. e3 {[#]} Rb5 $1 19. Qa3 (19. Qa7 Ne2+) 19... Ne2+ 20. Kh1 Nxc1 ({Black should try} 20... Qc6 $11) 21. Rfxc1 $14 Kf7 22. Qc3 (22. Kg1 {is interesting.} Rhb8 23. Qc3 Ra8 24. Qxc7 Qxc7 25. Rxc7+ Kf8 26. d4) 22... Ra8 23. Qxc7 Qxc7 24. Rxc7+ Kg6 {Black wants to play ...Rxa2!} 25. Rc2 (25. h4 {is more complex.} Rba5 26. Re7 Bg8 27. Rb1 Rxa2 28. Rbb7) 25... Ra3 26. d4 exd4 27. exd4 Rb4 28. Rd2 Raa4 29. Bf3 Rxd4 30. Rxd4 Rxd4 31. a4 {Threatens to win with a5.} Bc8 $1 {Weighted Error Value: White=0.11/Black=0.16} 1/2-1/2

[Event "Vladimir Bato Kontic Memorial 2021"]
[Site "Niksic"]
[Date "2021.04.19"]
[Round "5.10"]
[White "Sukovic, Andrej"]
[Black "Sahin, Ozgun"]
[Result "0-1"]
[WhiteElo "2283"]
[BlackElo "2281"]
[Annotator "ChessBase"]
[PlyCount "88"]
[EventDate "2021.04.17"]
[EventType "swiss"]
[EventCountry "MNE"]
[SourceTitle "playchess.com"]
[Source "ChessBase"]
[SourceQuality "1"]
[TimeControl "40/5400+30:1800+30"]

1. e4 {[%emt 0:04:45]} c5 {[%emt 0:00:00]} 2. Nf3 {[%emt 0:00:05]} Nc6 {[%emt 0:00:00]} 3. d4 {[%emt 0:00:04]} cxd4 {[%emt 0:00:00]} 4. Nxd4 {[%emt 0:00:06]} Nf6 {[%emt 0:00:13]} 5. Nc3 {[%emt 0:00:06]} e5 {[%emt 0:00:18]} 6. Ndb5 {[%emt 0:02:16]} d6 {[%emt 0:00:08]} 7. Bg5 {[%emt 0:01:08]} a6 {[%emt 0:00:14]} 8. Na3 {[%emt 0:00:08]} b5 {[%emt 0:00:10]} 9. Nd5 {[%emt 0:00:15]} Be7 {[%emt 0:00:05]} 10. Bxf6 {[%emt 0:00:08]} Bxf6 {[%emt 0:00:05]} 11. c3 {[%emt 0:00:18]} Bg5 {[%emt 0:01:53]} 12. Nc2 {[%emt 0:00:24]} O-O {[%emt 0:01:22]} 13. g3 {[%emt 0:00:59]} Rb8 {[%emt 0:01:26]} 14. Bg2 {[%emt 0:09:58]} Ne7 {[%emt 0:05:19]} 15. Ncb4 {[%emt 0:00:40]} Bb7 {[%emt 0:01:15]} 16. Nxe7+ {[%emt 0:00:23]} Qxe7 {[%emt 0:01:53]} 17. O-O {[%emt 0:00:29]} g6 {[%emt 0:07:30]} 18. a3 {[%emt 0:13:48]} h5 {[%emt 0:09:11]} 19. Qd3 {[%emt 0:06:36]} h4 {[%emt 0:09:48]} 20. Rad1 {[%emt 0:09:41]} Rbd8 {[%emt 0:03:24]} 21. Qe2 {[%emt 0:00:14]} Qe6 {[%emt 0:04:29]} 22. Nd5 {[%emt 0:01:12]} hxg3 {[%emt 0:04:57]} 23. hxg3 {[%emt 0:05:17]} Kg7 {[%emt 0:01:26]} 24. f4 {[%emt 0:17:49]} exf4 {[%emt 0:01:55]} 25. gxf4 {[%emt 0:00:10]} Bh6 {[%emt 0:07:37]} 26. Qd3 {[%emt 0:03:45]} Bxd5 {[%emt 0:08:26]} 27. Qxd5 {[%emt 0:00:16]} Qg4 {[%emt 0:00:08]} 28. Qd4+ {[%emt 0:01:32]} f6 {[%emt 0:00:33]} 29. Qe3 {[%emt 0:00:25]} Rfe8 {[%emt 0:01:57]} 30. Rd5 {[%emt 0:02:04]} Re5 {[%emt 0:00:44]} 31. Qb6 {[%emt 0:13:17]} Rxd5 {[%emt 0:01:45]} 32. Qxd8 {[%emt 0:01:13]} Rd2 {[%emt 0:00:19]} 33. Qe7+ {[%emt 0:00:14]} Kg8 {[%emt 0:00:08]} 34. Qe8+ {[%emt 0:00:15]} Kh7 {[%emt 0:01:57]} 35. Qf7+ {[%emt 0:00:28]} Bg7 {[%emt 0:00:04]} 36. Rf2 {[%emt 0:00:09]} Rd1+ {[%emt 0:01:48]} 37. Rf1 {[%emt 0:00:41]} Rxf1+ {[%emt 0:00:02]} 38. Kxf1 {[%emt 0:00:11]} Qxf4+ {[%emt 0:00:06]} 39. Ke2 {[%emt 0:00:15]} Qg3 {[%emt 0:01:49]} 40. Bf3 {[%emt 0:00:00]} Qh2+ {[%emt 0:00:00]} 41. Kd3 {[%emt 0:21:26]} Qxb2 {[%emt 0:15:18]} 42. Qe6 {[%emt 0:00:55]} Qb1+ {[%emt 0:00:59]} 43. Kd4 {[%emt 0:02:21]} f5+ {[%emt 0:00:27]} 44. Kd5 {[%emt 0:00:06]} Qd3+ {[%emt 0:00:04]} 0-1

[Event "Vladimir Bato Kontic Memorial 2021"]
[Site "Niksic"]
[Date "2021.04.19"]
[Round "5.11"]
[White "Nikac, Predrag"]
[Black "Miletic, Vuk"]
[Result "1/2-1/2"]
[WhiteElo "2318"]
[BlackElo "2254"]
[Annotator "ChessBase"]
[PlyCount "72"]
[EventDate "2021.04.17"]
[EventType "swiss"]
[EventCountry "MNE"]
[SourceTitle "playchess.com"]
[Source "ChessBase"]
[SourceQuality "1"]
[TimeControl "40/5400+30:1800+30"]

1. e4 c5 2. Nf3 Nc6 3. d4 cxd4 4. Nxd4 g6 5. Nc3 Bg7 6. Be3 Nf6 7. Bc4 O-O 8. Bb3 d6 9. h3 Na5 10. O-O a6 11. f4 Nxb3 12. axb3 b5 13. b4 Bb7 14. Qd3 Rc8 15. Nb3 Qc7 16. Bd4 Nd7 17. Bxg7 Kxg7 18. Rf2 Nb6 19. Na5 Nc4 20. Nd5 Bxd5 21. exd5 Nxa5 22. Rxa5 Qc4 23. Qxc4 Rxc4 24. c3 Ra8 25. g4 Re4 26. Kg2 Re3 27. Rd2 Kf6 28. Ra1 g5 29. Rf1 gxf4 30. Rxf4+ Kg6 31. Rdf2 f6 32. R4f3 Re5 33. Rf5 Re3 34. h4 h6 35. R5f3 Re5 36. Rf5 Re3 1/2-1/2

[Event "Vladimir Bato Kontic Memorial 2021"]
[Site "Niksic"]
[Date "2021.04.20"]
[Round "6.1"]
[White "Suleymanli, Aydin"]
[Black "Niemann, Hans Moke"]
[Result "1/2-1/2"]
[WhiteElo "2520"]
[BlackElo "2508"]
[Annotator "ChessBase"]
[PlyCount "139"]
[EventDate "2021.04.17"]
[EventType "swiss"]
[EventCountry "MNE"]
[SourceTitle "playchess.com"]
[Source "ChessBase"]
[SourceQuality "1"]
[TimeControl "40/5400+30:1800+30"]

1. d4 {[%emt 0:02:59]} d5 {[%emt 0:00:00]} 2. c4 {[%emt 0:00:23]} e6 {[%emt 0:00:13]} 3. Nc3 {[%emt 0:00:21]} a6 {[%emt 0:00:11]} 4. cxd5 {[%emt 0:01:14]} exd5 {[%emt 0:00:09]} 5. Bf4 {[%emt 0:02:15]} Nf6 {[%emt 0:00:37]} 6. e3 {[%emt 0:00:44]} Bd6 {[%emt 0:01:44]} 7. Bg5 {[%emt 0:02:18]} Be6 {[%emt 0:01:09]} 8. Bd3 {[%emt 0:01:19]} Nbd7 {[%emt 0:07:18]} 9. Nge2 {[%emt 0:03:38]} h6 {[%emt 0:00:48]} 10. Bh4 {[%emt 0:00:55]} Qe7 {[%emt 0:02:19]} 11. f3 {[%emt 0:02:31]} c5 {[%emt 0:03:03]} 12. O-O {[%emt 0:03:20]} O-O {[%emt 0:00:22]} 13. Kh1 {[%emt 0:05:54]} Rfe8 {[%emt 0:03:00]} 14. f4 {[%emt 0:15:25]} Nb6 {[%emt 0:19:32]} 15. Ng3 {[%emt 0:07:23]} cxd4 {[%emt 0:00:55]} 16. exd4 {[%emt 0:02:01]} Qd8 {[%emt 0:00:16]} 17. Qf3 {[%emt 0:16:21]} Be7 {[%emt 0:00:32]} 18. f5 {[%emt 0:01:38]} Bd7 {[%emt 0:00:47]} 19. Rae1 {[%emt 0:00:21]} Bc6 {[%emt 0:00:41]} 20. Re2 {[%emt 0:01:27]} Qd6 {[%emt 0:02:22]} 21. Rfe1 {[%emt 0:03:11]} Bf8 {[%emt 0:00:28]} 22. Nh5 {[%emt 0:04:21]} Nxh5 {[%emt 0:02:38]} 23. Qxh5 {[%emt 0:00:36]} Rxe2 {[%emt 0:00:11]} 24. Qxe2 {[%emt 0:03:24]} Re8 {[%emt 0:00:14]} 25. Qf3 {[%emt 0:03:46]} Rxe1+ {[%emt 0:02:01]} 26. Bxe1 {[%emt 0:00:01]} Be7 {[%emt 0:00:18]} 27. Ne2 {[%emt 0:00:56]} Bf6 {[%emt 0:00:21]} 28. Qg3 {[%emt 0:00:48]} Qe7 {[%emt 0:00:40]} 29. Qb8+ {[%emt 0:01:31]} Kh7 {[%emt 0:00:17]} 30. Qg3 {[%emt 0:02:17]} Na4 {[%emt 0:02:24]} 31. Nf4 {[%emt 0:05:30]} Nxb2 {[%emt 0:00:39]} 32. Bc2 {[%emt 0:00:03]} Kh8 {[%emt 0:01:51]} 33. Bf2 {[%emt 0:01:59]} Bg5 {[%emt 0:04:41]} 34. Nh3 {[%emt 0:04:27]} Qe2 {[%emt 0:02:53]} 35. Nxg5 {[%emt 0:01:37]} hxg5 {[%emt 0:00:34]} 36. Bb3 {[%emt 0:00:01]} Qf1+ {[%emt 0:00:33]} 37. Bg1 {[%emt 0:00:01]} Qxf5 {[%emt 0:00:08]} 38. Qc3 {[%emt 0:01:29]} Nd3 {[%emt 0:08:07]} 39. Bc2 {[%emt 0:00:15]} Bb5 {[%emt 0:00:02]} 40. Qc7 {[%emt 0:00:00]} Kh7 {[%emt 0:00:00]} 41. Qxb7 {[%emt 0:19:34]} Kg6 {[%emt 0:16:34]} 42. Qc7 {[%emt 0:01:10]} Qe4 {[%emt 0:04:26]} 43. Qg3 {[%emt 0:02:17]} Qe2 {[%emt 0:00:46]} 44. Bxd3+ {[%emt 0:07:18]} Bxd3 {[%emt 0:00:17]} 45. h4 {[%emt 0:00:08]} g4 {[%emt 0:01:25]} 46. Kh2 {[%emt 0:03:19]} Be4 {[%emt 0:01:30]} 47. Qf2 {[%emt 0:00:16]} Qc4 {[%emt 0:00:56]} 48. a3 {[%emt 0:00:29]} f6 {[%emt 0:00:30]} 49. Qg3 {[%emt 0:00:43]} Bf5 {[%emt 0:00:58]} 50. Be3 {[%emt 0:00:28]} a5 {[%emt 0:00:22]} 51. Bf2 {[%emt 0:00:18]} a4 {[%emt 0:00:07]} 52. Be3 {[%emt 0:00:06]} Qe2 {[%emt 0:00:31]} 53. Bf2 {[%emt 0:00:22]} Be4 {[%emt 0:00:08]} 54. Qe3 {[%emt 0:01:15]} Qc2 {[%emt 0:01:00]} 55. Qg3 {[%emt 0:00:14]} Kf7 {[%emt 0:00:20]} 56. Kg1 {[%emt 0:00:25]} Bf5 {[%emt 0:00:08]} 57. Qf4 {[%emt 0:00:38]} Ke7 {[%emt 0:00:28]} 58. Bg3 {[%emt 0:00:37]} Qb1+ {[%emt 0:01:33]} 59. Kh2 {[%emt 0:00:01]} Kf7 {[%emt 0:00:41]} 60. Qc7+ {[%emt 0:00:57]} Kg6 {[%emt 0:00:37]} 61. h5+ {[%emt 0:00:01]} Kh7 {[%emt 0:00:32]} 62. Bf4 {[%emt 0:00:03]} g3+ {[%emt 0:00:31]} 63. Bxg3 {[%emt 0:00:18]} Qd1 {[%emt 0:00:08]} 64. Qf4 {[%emt 0:00:44]} Be4 {[%emt 0:01:01]} 65. Bf2 {[%emt 0:00:40]} Qxh5+ {[%emt 0:00:43]} 66. Qh4 {[%emt 0:00:07]} Kg6 {[%emt 0:01:21]} 67. g4 {[%emt 0:01:24]} Qxh4+ {[%emt 0:01:02]} 68. Bxh4 {[%emt 0:00:05]} Kh6 {[%emt 0:01:05]} 69. g5+ {[%emt 0:00:14]} fxg5 {[%emt 0:00:07]} 70. Be1 {[%emt 0:00:06]} 1/2-1/2

[Event "Vladimir Bato Kontic Memorial 2021"]
[Site "Niksic"]
[Date "2021.04.20"]
[Round "6.2"]
[White "Bogosavljevic, Boban"]
[Black "Dardha, Daniel"]
[Result "1/2-1/2"]
[WhiteElo "2523"]
[BlackElo "2516"]
[Annotator "TA"]
[PlyCount "125"]
[EventDate "2021.04.17"]
[EventType "swiss"]
[EventCountry "MNE"]
[SourceTitle "playchess.com"]
[Source "ChessBase"]
[SourceQuality "1"]

{[%evp 9,125,29,36,36,42,38,41,31,39,26,25,16,34,12,21,11,16,8,24,17,40,37,28,28,79,47,85,93,89,49,154,149,141,164,185,177,188,178,191,180,175,181,182,181,158,51,131,133,120,75,61,57,55,0,0,0,4,5,9,8,14,5,38,37,72,72,72,72,72,72,72,72,72,72,72,72,72,72,72,72,72,72,72,72,72,72,72,72,72,59,59,59,59,8,59,53,59,37,37,38,56,56,56,56,58,12,12,12,12,8,8,8,8,8,8,8,8,8]} 1. Nf3 d5 2. g3 g6 3. Bg2 Bg7 4. d4 Nh6 5. O-O Nf5 6. c3 {D02: 1 d4 d5 2 Nf3 sidelines, including 2...Nf6 3 g3 and 2...Nf6 3 Bf4.} Nd7 7. Nbd2 Nd6 {[#]} 8. a4 $146 {White is slightly better.} ({Predecessor:} 8. Re1 Nf6 9. Ne5 O-O 10. f3 Nd7 11. Nxd7 Bxd7 12. e4 dxe4 13. Nxe4 b6 14. Nf2 {0-1 (68) Kramnik,V (2812)-Topalov,V (2761) Leuven 2016}) 8... a5 9. b3 b6 10. Ba3 Bb7 11. Rc1 c5 12. e3 O-O 13. c4 dxc4 14. Nxc4 Nxc4 15. bxc4 e6 16. Qb3 {dxc5 is the strong threat.} Qc7 (16... Rb8 $11 {keeps the balance.}) 17. Rfd1 Rfd8 18. d5 Nf6 {[%cal Re6d5]} 19. Rb1 Ne4 (19... Rac8 $14) 20. Qxb6 $16 Qxb6 21. Rxb6 Ba6 {[#]} 22. Ne5 $1 {[%mdl 512]} Nc3 23. Nc6 {[%cal Rc6d8]} (23. Nxf7 Rdb8 $17) 23... Bxc4 24. Nxd8 Rxd8 25. Rd2 exd5 26. Bxc5 Nxa4 {[#]} 27. Rc6 (27. Be7 $1 $16 {[%cal Re7d8]} Ra8 28. Rc6) 27... Bc3 (27... Nxc5 $14 28. Rxc5 {[%mdl 64] Double Attack} Bc3) 28. Rc2 Rb8 {Strongly threatening ...Rb1+.} 29. h4 Nxc5 30. Rxc5 Bb4 {[#]} 31. Bxd5 (31. Rb2 $1 $14 Rd8 32. Rc7) 31... Bxc5 $11 32. Rxc4 $14 {[%mdl 4096] Endgame KRB-KRB} Bd6 33. Rc6 Rd8 34. Bb3 Rd7 35. Kg2 Kg7 36. Ba4 h5 37. Ra6 Rd8 38. Rxa5 Rb8 39. Ra7 Bc5 40. Rc7 Bb6 41. Rd7 Ra8 42. Bb3 Ra7 43. Rd6 Bc5 44. Rc6 Bb4 45. Rb6 Be1 46. Kf1 Bd2 47. Ke2 Ba5 48. Rb5 Bc3 49. e4 Bd4 50. f4 Re7 51. e5 (51. Bd5 $14) 51... Rc7 ({Better is} 51... f6 $1 $11) 52. Kf3 Re7 53. g4 hxg4+ 54. Kxg4 Rc7 55. h5 gxh5+ 56. Kxh5 f6 57. Rd5 fxe5 {The position is equal.} 58. fxe5 Bb2 59. Kg5 Rb7 60. Bc2 Re7 61. Kf5 Rxe5+ 62. Rxe5 Bxe5 63. Kxe5 {Black defended with fortune.  Weighted Error Value: White=0.11/Black=0.10} 1/2-1/2

[Event "Vladimir Bato Kontic Memorial 2021"]
[Site "Niksic"]
[Date "2021.04.20"]
[Round "6.3"]
[White "Krivokapic, Marko"]
[Black "Draskovic, Luka"]
[Result "1/2-1/2"]
[WhiteElo "2380"]
[BlackElo "2472"]
[Annotator "TA"]
[PlyCount "54"]
[EventDate "2021.04.17"]
[EventType "swiss"]
[EventCountry "MNE"]
[SourceTitle "playchess.com"]
[Source "ChessBase"]
[SourceQuality "1"]

{[%evp 20,54,31,6,13,13,18,8,32,0,-6,-6,-4,-9,-9,-45,30,26,36,22,35,22,29,20,30,14,15,10,28,0,0,0,0,0,0,-20,0]} 1. e4 c5 2. Nf3 d6 3. d4 cxd4 4. Nxd4 Nf6 5. Nc3 Nc6 6. f3 e5 7. Nb3 Be7 8. Be3 O-O 9. Qd2 a5 10. Bb5 Na7 11. Bd3 Nc6 {B56: Classical Sicilian: Unusual Lines.} 12. a3 a4 13. Nc1 Be6 14. O-O d5 15. exd5 Nxd5 16. Nxd5 Qxd5 17. Ne2 Bc5 (17... Na5 $1 $15) 18. Nc3 $11 Bxe3+ 19. Qxe3 Qd4 {[#]} 20. Qxd4 $146 ({Predecessor:} 20. Rfe1 Rfd8 21. f4 Ra5 22. fxe5 Rxe5 23. Qxd4 Rxd4 24. Bb5 Rc5 25. Red1 Kf8 26. Bxa4 Rxd1+ 27. Rxd1 Na5 28. Rd8+ Ke7 29. Re8+ {1-0 (29) Zhigalko,A (2421)-Moreno Tejera,E (2365) Peniscola 2002}) 20... exd4 21. Ne2 Rfd8 22. Rad1 Ra5 23. Rfe1 g6 24. Nf4 Bf5 {The position is equal.} 25. Bxf5 Rxf5 26. Nd3 Kf8 27. Kf2 Rh5 {Weighted Error Value: White=0.12/Black=0.08} 1/2-1/2

[Event "Vladimir Bato Kontic Memorial 2021"]
[Site "Niksic"]
[Date "2021.04.20"]
[Round "6.4"]
[White "Kisic, Bozidar"]
[Black "Runic, Zoran"]
[Result "1-0"]
[WhiteElo "2263"]
[BlackElo "2378"]
[Annotator "RC"]
[PlyCount "51"]
[EventDate "2021.04.17"]
[EventType "swiss"]
[EventCountry "MNE"]
[SourceTitle "playchess.com"]
[Source "ChessBase"]
[SourceQuality "1"]
[TimeControl "40/5400+30:1800+30"]

1. d4 {[%emt 0:04:54]} Nf6 {[%emt 0:00:02]} 2. Bg5 {[%emt 0:01:07]} e6 {[%emt 0:00:19]} 3. Nd2 {[%emt 0:00:08]} h6 {[%emt 0:02:28]} 4. Bh4 {[%emt 0:00:07]} c5 {[%emt 0:00:33]} 5. e4 {[%emt 0:00:09]} d5 {[%emt 0:04:13]} 6. e5 {[%emt 0:00:21]} g5 {[%emt 0:00:04]} 7. Bg3 {[%emt 0:00:09]} Ng8 {[%emt 0:02:48]} 8. h4 {[%emt 0:01:37]} Nc6 {[%emt 0:00:31]} 9. hxg5 {[%emt 0:07:09]} Nxd4 {[%emt 0:00:52]} 10. c3 {[%emt 0:07:50]} Nf5 {[%emt 0:01:36]} 11. Qg4 {[%emt 0:05:42]} Bg7 {[%emt 0:03:11]} 12. Ngf3 {[%emt 0:02:53]} Nge7 {[%emt 0:02:09]} 13. O-O-O {[%emt 0:06:41]} Bd7 {[%emt 0:02:37]} 14. Bd3 {[%emt 0:19:33]} Qb6 {[%emt 0:01:29]} 15. Bf4 {[%emt 0:03:38]} Rg8 {[%emt 0:10:43]} 16. Qh5 {[%emt 0:05:32]} Ng6 {[%emt 0:00:17]} 17. g3 {[%emt 0:01:37]} hxg5 {[%emt 0:10:08]} 18. Nxg5 {[%emt 0:04:31]} Nfe7 {[%emt 0:01:30]} 19. Nxf7 {[%emt 0:05:20]} Kxf7 {[%emt 0:00:10]} 20. Bxg6+ {[%emt 0:00:29]} Nxg6 {[%emt 0:00:21]} 21. Ne4 {[%emt 0:00:09]} Bf8 {[%emt 0:02:01]} 22. Nf6 {[%emt 0:04:33]} Be7 {[%emt 0:00:18]} 23. Qh7+ {[%emt 0:02:40]} Rg7 {[%emt 0:00:19]} 24. Qxg7+ {[%emt 0:00:19]} Kxg7 {[%emt 0:00:01]} 25. Rh7+ {[%emt 0:00:02]} Kf8 {[%emt 0:00:20]} 26. Bh6# {[%emt 0:00:05]} 1-0